Análisis dinámico de la via del ferrocarril al Atlántico entre San José y Alajuela

Zapisane w:
Opis bibliograficzny
1. autor: Vargas Solís, Alvaro Mauricio
Format: Nieznany
Wydane: [San José, Costa Rica] 1981
Hasła przedmiotowe:
Etykiety: Dodaj etykietę
Nie ma etykietki, Dołącz pierwszą etykiete!

MARC

LEADER 00000 a2200000 4500
003 001396
005 20221231143743.0
008 140114s1981 c a m 000 ||s d
040 |c cru CEDI 
090 |a TFG 1037 
100 |a Vargas Solís, Alvaro Mauricio  |9 15898 
245 |a Análisis dinámico de la via del ferrocarril al Atlántico entre San José y Alajuela 
260 |c 1981  |a [San José, Costa Rica] 
300 |a  [109] hojas : ilustraciones (algunas plegables) ; 28 cm  
500 |a Proyecto de graduación (ingeniero civil)--Universidad de Costa Rica.  
650 |x VIAS FERREAS   |x FERROCARRIL NACIONAL AL ATLANTICO (COSTA RICA)  |9 15899 
942 |c TFG 
999 |c 11297  |d 11297